[Event "Barcelona Sant Marti op-B 23rd"]
[Site "Barcelona"]
[Date "2023.07.19"]
[Round "7"]
[White "Majoral Marco, Javier"]
[Black "Agadzhanyan, Sonya"]
[Result "1/2-1/2"]
[WhiteElo "1331"]
[BlackElo "1428"]
[PlyCount "75"]
[EventDate "2023.07.13"]
[EventType "swiss"]
[EventRounds "9"]
[EventCountry "ESP"]
[SourceTitle "CBM 215 Extra"]
[Source "ChessBase"]
[SourceDate "2023.09.30"]
[SourceVersion "1"]
[SourceVersionDate "2023.09.30"]
[SourceQuality "1"]

1. e4 e6 2. d4 d5 3. exd5 exd5 4. Nf3 Be7 5. Bd3 Nf6 6. 0-0 0-0 7. h3 c5 8. c3 Nc6 9. Re1 c4 10. Bc2 Re8 11. Ne5 Bd7 12. Qf3 Bd6 13. Bf4 Qc7 14. Kf1 Nxe5 15. Bxe5 Bxe5 16. dxe5 Rxe5 17. Nd2 Rae8 18. Rxe5 Rxe5 19. Qg3 Ne8 20. Nf3 Re6 21. Qh4 h6 22. Bf5 Rb6 23. Qe7 Bxf5 24. Qxe8+ Kh7 25. Nd4 Bd3+ 26. Kg1 Rxb2 27. Re1 Rb1 28. Rxb1 Bxb1 29. Nb5 Qc5 30. Qd7 Qc6 31. Qxc6 bxc6 32. Nxa7 Bxa2 33. Nxc6 Kg6 34. Ne7+ Kf6 35. Nxd5+ Ke5 36. Ne3 Ke4 37. Kf1 Kd3 38. Nd5 1/2-1/2

[Event "Foment Martinenc op-C 23rd"]
[Site "Barcelona"]
[Date "2023.04.22"]
[Round "1"]
[White "Agadzhanyan, Sonya"]
[Black "Bosch Garcia, Ivan"]
[Result "0-1"]
[WhiteElo "1453"]
[BlackElo "1417"]
[PlyCount "134"]
[EventDate "2023.04.22"]
[EventType "swiss"]
[EventRounds "9"]
[EventCountry "ESP"]
[SourceTitle "EXT 2024"]
[Source "ChessBase"]
[SourceDate "2023.10.10"]
[SourceVersion "1"]
[SourceVersionDate "2023.10.10"]
[SourceQuality "1"]

1. e4 c6 2. d4 d5 3. Nc3 dxe4 4. Nxe4 Nf6 5. Nxf6+ exf6 6. Nf3 Bd6 7. Bc4 0-0 8. 0-0 Bg4 9. Re1 Qc7 10. g3 Nd7 11. b3 c5 12. Bb2 cxd4 13. Bxd4 Ne5 14. Be2 Rfe8 15. Nxe5 Bxe2 16. Rxe2 fxe5 17. Bb2 Rad8 18. Qe1 f6 19. Rd1 a5 20. Rd5 Bb4 21. Qd1 Kh8 22. c3 Rxd5 23. Qxd5 Rd8 24. Qc4 Qxc4 25. bxc4 Bc5 26. Kg2 Kg8 27. f4 e4 28. Bc1 f5 29. Be3 Bxe3 30. Rxe3 Rd2+ 31. Kh3 Rxa2 32. c5 Rd2 33. Re1 Rd3 34. Kh4 e3 35. g4 fxg4 36. Kxg4 a4 37. Kf3 a3 38. Ra1 Rxc3 39. Ke2 Kf7 40. h4 Kf6 41. c6 bxc6 42. h5 Kf5 43. Rb1 a2 44. Rg1 Ra3 45. Ra1 Ke4 46. f5 Kxf5 47. h6 g5 48. Ke1 Ke4 49. Ke2 Rd3 50. Rxa2 Rd2+ 51. Rxd2 exd2 52. Kxd2 Kf3 53. Kd3 g4 54. Kd4 g3 55. Ke5 g2 56. Kf6 g1Q 57. Kf7 Qg6+ 58. Ke7 Qxh6 59. Kd7 Qf6 60. Kc7 c5 61. Kb7 h5 62. Kc7 h4 63. Kd7 h3 64. Kc7 h2 65. Kb7 h1R 66. Kc7 Rh7+ 67. Kc8 Qf8# 0-1